Bandiere con Mezzelune - Statistics

Statistiche generali
  • Questo quiz è stato fatto 3.183 volte
  • Il punteggio medio è 17 su 19
Statistiche sulle risposte
con Immagini Risposta % Corretto
Algeria
98%
Iran
98%
Turchia
98%
Croazia
97%
Nepal
97%
Pakistan
96%
Tunisia
96%
Moldavia
95%
Malesia
94%
Azerbaijan
93%
Singapore
93%
Uzbekistan
91%
Mongolia
89%
Turkmenistan
88%
Libia
86%
Brunei
84%
Maldive
83%
Mauritania
80%
Comoros
74%
Nessun quiz corrispondente trovato
Distribuzione punteggi
Percentuale di utenti per punteggio
Percentile per numero di risposta
I tuoi punteggi nel tempo
Non hai fatto questo quiz